Phương pháp giải toán đại số sơ cấp Luyện thi tú tài và đại học; bồi dưỡng học sinh giỏi PTTH

Bewaard in:
Bibliografische gegevens
Hoofdauteur: Nguyễn Đức Đồng...[et al.]
Formaat: Boek
Taal:Undetermined
Gepubliceerd in: Hà Nội Đại Học Quốc Gia 2000
Onderwerpen:
Tags: Voeg label toe
Geen labels, Wees de eerste die dit record labelt!
Thư viện lưu trữ: Trung tâm Học liệu Trường Đại học Cần Thơ
LEADER 00647nam a2200181Ia 4500
001 CTU_36941
008 210402s9999 xx 000 0 und d
082 |a 512.02 
082 |b Ph561 
100 |a Nguyễn Đức Đồng...[et al.] 
245 0 |a Phương pháp giải toán đại số sơ cấp 
245 0 |b Luyện thi tú tài và đại học; bồi dưỡng học sinh giỏi PTTH 
245 0 |c Nguyễn Đức Đồng...[et al.] 
260 |a Hà Nội 
260 |b Đại Học Quốc Gia 
260 |c 2000 
650 |a algebra, abstract 
980 |a Trung tâm Học liệu Trường Đại học Cần Thơ